| 000 | 01171 a2200253 4500 | ||
|---|---|---|---|
| 003 | OSt | ||
| 005 | 20180116192359.0 | ||
| 008 | 120618t xxu||||| |||| 00| 0 eng d | ||
| 010 | _a 2006297058 | ||
| 020 | _a0714844993 | ||
| 020 | _a9780714848624 | ||
| 035 | _a(OCoLC)ocm57751034 | ||
| 040 | _c0 | ||
| 082 | 0 | 4 | _a725.21 |
| 100 | 1 |
_aBarreneche, Raul A. _94768 |
|
| 245 | 1 | 0 |
_aNew retail / _cRaul A. Barreneche. |
| 260 |
_aLondon : _bPhaidon, _c2005. |
||
| 300 |
_a199 p. : _bill. (chiefly col.) ; _c30 cm. |
||
| 505 | 0 | _aPrada Epicenter -- MPreis Supermarket -- Issey Miyake Tribeca -- Asprey Flagships -- De Brink Center -- Selfridges -- Louis Vuitton -- Forum and Clube Chocolate -- Undercover Lab -- Novy Smichov Shopping Center -- I.a. Eyeworks -- MPreis Supermarket -- Carlos Miele Flagship -- Fünf Höfe (Five Courtyards) -- Vitra -- Migros School & Shopping Center -- Prada Epicenter -- Maison Hermès -- Y's Store -- Mandarina Duck Embassy. | |
| 650 | 1 | 0 |
_aStores, Retail. _94769 |
| 650 | 1 | 0 |
_aArchitecture, Modern _y20th century. _94770 |
| 942 |
_aSADA _cBK _k725.21 BAR 2005 _2ddc |
||
| 999 |
_c353224 _d353224 |
||